Central Library OPAC University of Rajshahi
Normal view MARC view

Entry Topical Term

Number of records used in: 3

001 - CONTROL NUMBER

  • control field: 13740

003 - CONTROL NUMBER IDENTIFIER

  • control field: BD-RjUL

005 - DATE AND TIME OF LATEST TRANSACTION

  • control field: 20241007122738.0

008 - FIXED-LENGTH DATA ELEMENTS

  • fixed length control field: 241007|| aca||aabn | a|a d

040 ## - CATALOGING SOURCE

  • Original cataloging agency: BD-RjUL
  • Transcribing agency: BD-RjUL

150 ## - HEADING--TOPICAL TERM

  • Topical term or geographic name entry element: Therapeutic
  • Form subdivision: Environmental

670 ## - SOURCE DATA FOUND

  • Source citation: Work cat.: (BD-RjUL)84089: Hossain, Md. Shahadat, Environmental Impacts on Knee Osteoarthritis and its Sustainable Management using Therapeutic Agents /, 2018